NFL teams that lost the superbowl - Statistics

General Stats
  • This quiz has been taken 136 times
  • The average score is 51 of 57
Answer Stats
Winners Losers % Correct
2022 Winner Chiefs Eagles
98%
2004 Winner Patriots Eagles
98%
1980 Winner Raiders Eagles
98%
2017 Winner Eagles Patriots
98%
2011 Winner Giants Patriots
98%
2007 Winner Giants Patriots
98%
1996 Winner Packers Patriots
98%
1985 Winner Bears Patriots
98%
2018 Winner Patriots Rams
97%
2001 Winner Patriots Rams
97%
1979 Winner Steelers Rams
97%
2020 Winner Buccaneers Chiefs
96%
1966 Winner Packers Chiefs
96%
2014 Winner Patriots Seahawks
96%
2005 Winner Steelers Seahawks
96%
2021 Winner Rams Bengals
94%
1988 Winner 49ers Bengals
94%
1981 Winner 49ers Bengals
94%
2019 Winner Chiefs 49ers
93%
2012 Winner Ravens 49ers
93%
2013 Winner Seahawks Broncos
93%
1989 Winner 49ers Broncos
93%
1987 Winner Commanders Broncos
93%
1986 Winner Giants Broncos
93%
1977 Winner Cowboys Broncos
93%
2000 Winner Ravens Giants
91%
1997 Winner Broncos Packers
91%
1978 Winner Steelers Cowboys
89%
1975 Winner Steelers Cowboys
89%
1970 Winner Colts Cowboys
89%
1993 Winner Cowboys Bills
88%
1992 Winner Cowboys Bills
88%
1991 Winner Commanders Bills
88%
1990 Winner Giants Bills
88%
2015 Winner Broncos Panthers
88%
2003 Winner Patriots Panthers
88%
2009 Winner Saints Colts
87%
1968 Winner Jets Colts
87%
2016 Winner Patriots Falcons
87%
1998 Winner Broncos Falcons
87%
2010 Winner Packers Steelers
86%
1995 Winner Cowboys Steelers
86%
2008 Winner Steelers Cardinals
85%
2002 Winner Buccaneers Raiders
85%
1967 Winner Packers Raiders
85%
1984 Winner 49ers Dolphins
83%
1982 Winner Commanders Dolphins
83%
1971 Winner Cowboys Dolphins
83%
1976 Winner Raiders Vikings
83%
1974 Winner Steelers Vikings
83%
1973 Winner Dolphins Vikings
83%
1969 Winner Chiefs Vikings
83%
2006 Winner Colts Bears
81%
1994 Winner 49ers Chargers
80%
1999 Winner Rams Titans
76%
1983 Winner Raiders Commanders
67%
1972 Winner Dolphins Commanders
67%
No matching quizzes found
Score Distribution
Percent of People with Each Score
Percentile by Number Answered
Your Score History
You have not taken this quiz